| 000 | 00778nmc a2200289 a 4500 | ||
|---|---|---|---|
| 003 | AR-BaBNM | ||
| 005 | 20251128211624.0 | ||
| 008 | 025020s1999 ||||||||||||||000 | spa|| | ||
| 020 | _a950-753-049-5 | ||
| 040 | _cAR-BaBNM | ||
| 100 | 1 |
_aStevenson, Robert Louis _d1850-1894 |
|
| 245 | 1 | 0 | _aEl extraño caso del doctor Jekyll y de mister Hyde |
| 260 |
_aBuenos Aires _bCántaro _c1999 |
||
| 300 | 0 | _a137 p. | |
| 490 | 0 |
_aColección del Mirador _vv. 138 |
|
| 650 | 4 | _aLITERATURA INGLESA | |
| 650 | 4 | _aSIGLO DIECINUEVE | |
| 650 | 4 | _aESCRITORES | |
| 653 | 0 | _aNOVELA POLICIAL | |
| 653 | 0 | _aNARRATIVA | |
| 653 | 0 | _aLITERATURA FANTASTICA | |
| 655 | _aLITERATURA | ||
| 700 | 1 |
_aGónzalez, Raúl _eeditor |
|
| 800 | 1 | _aParis, Diana | |
| 942 | _cBK | ||
| 998 | _cEugenia | ||
| 999 |
_c20461 _d20461 |
||